Muži z londýnského vydání /

Hlavní autor: Černý, Karel, 1965-
Korporativní autor: Masarykova dělnická akademie
Jazyk: Čeština
Vydáno: Ve Žďáře nad Sázavou : Jitka Průžová ve spolupráci s Merkur-Revue a Masarykovou dělnickou akademií, 2007
Témata:
Fyzický popis: 111 s. : il., portréty, faksim. (některé barev.) ; 25 cm
Knihy
Uloženo v:
LEADER 02256nam a2200577 a 4500
001 nkc20071707990
003 CZ PrNK
005 20210915102341.0
007 ta
008 070207s2007 xr ach e 000 0ccze
015 |a cnb001707990 
020 |a 978-80-239-8859-8  |q (váz.) :  |c Kč 220,00 
035 |a (OCoLC)137330205 
040 |a OLA001  |b cze  |d BOA001  |d ABA001 
043 |a e-cs--- 
045 |a x3x4 
072 7 |a 355/359  |x Vojenství. Obrana země. Ozbrojené síly  |2 Konspekt  |9 15 
072 7 |a 929  |x Biografie  |2 Konspekt  |9 8 
080 |a 355-051  |2 MRF 
080 |a 929  |2 MRF 
080 |a 355.48(100)"1939/1945"  |2 MRF 
080 |a 355.318.2  |2 MRF 
080 |a 656.835.11  |2 MRF 
080 |a 7.04  |2 MRF 
080 |a (437)  |2 MRF 
080 |a (0:82-94)  |2 MRF 
100 1 |a Černý, Karel,  |d 1965-  |7 xx0002093  |4 aut 
245 1 0 |a Muži z londýnského vydání /  |c Karel Černý 
260 |a Ve Žďáře nad Sázavou :  |b Jitka Průžová ve spolupráci s Merkur-Revue a Masarykovou dělnickou akademií,  |c 2007 
300 |a 111 s. :  |b il., portréty, faksim. (některé barev.) ;  |c 25 cm 
504 |a Obsahuje bibliografii a bibliografické odkazy 
648 7 |a 1939-1945  |7 ch460653  |2 czenas 
650 0 7 |a vojáci  |7 ph127219  |z Československo  |y 1939-1945  |2 czenas 
650 0 7 |a druhá světová válka (1939-1945)  |7 ph117270  |z Československo  |2 czenas 
650 0 7 |a zahraniční odboj  |7 ph116243  |z Československo  |y 1939-1945  |2 czenas 
650 0 7 |a poštovní známky  |7 ph115855  |z Československo  |2 czenas 
650 0 7 |a náměty, témata a motivy  |7 ph138485  |2 czenas 
650 0 9 |a soldiers  |z Czechoslovakia  |y 1939-1945  |2 eczenas 
650 0 9 |a World War (1939-1945)  |z Czechoslovakia  |2 eczenas 
650 0 9 |a resistance movement abroad  |z Czechoslovakia  |y 1939-1945  |2 eczenas 
650 0 9 |a postage stamps  |z Czechoslovakia  |2 eczenas 
650 0 9 |a themes and motives  |2 eczenas 
655 7 |a medailony  |7 fd185951  |2 czenas 
655 9 |a biographical portraits  |2 eczenas 
710 2 |a Masarykova dělnická akademie  |7 ko2002149443 
910 2 |a BOA001  |b 2-1185.268 
928 9 |a Merkur-Revue 
990 |a BK 
995 |a 01 
991 |b 200704  |c NOV 
996 6 |b 2610307425  |c 2-1185.268  |l MZK  |r Sklad / do 1 hodiny  |n 3  |p p.v.  |w 000847348  |u 000010  |a 1  |e BOA001  |j MZK50  |s P